[Event "GER T115-B23-S email"]
[Site "GER email"]
[Date "2011.04.19"]
[Round "?"]
[White "Brunkow, Axel"]
[Black "Schulz, Guenter"]
[Result "0-1"]
[WhiteElo "1416"]
[BlackElo "2127"]
[PlyCount "96"]
[EventDate "2011.04.26"]
[EventType "tourn (corr)"]
[EventRounds "6"]
[EventCountry "GER"]
[SourceTitle "Corr 2015"]
[Source "ChessBase"]
[SourceDate "2015.07.17"]
[SourceVersion "1"]
[SourceVersionDate "2015.07.17"]
[SourceQuality "1"]
[WhiteTeam "Germany"]
[BlackTeam "Latvia"]
[WhiteTeamCountry "GER"]
[BlackTeamCountry "LAT"]

1. e4 c5 2. Nc3 Nc6 3. f4 a6 4. Nf3 g6 5. d4 cxd4 6. Nxd4 Bg7 7. Be3 d6 8. Nxc6 bxc6 9. Bc4 Bxc3+ 10. bxc3 Nf6 11. Bd3 Ng4 12. Bd4 e5 13. fxe5 c5 14. Bf2 Nxf2 15. Kxf2 dxe5 16. Re1 Be6 17. Be2 Qe7 18. Qd3 0-0 19. Qg3 Qc7 20. a4 c4 21. Rab1 Rab8 22. Qe3 Qc6 23. a5 Qa4 24. Rb6 Qxa5 25. Reb1 Rxb6 26. Rxb6 Ra8 27. Kg3 Qa3 28. Bg4 Bxg4 29. Kxg4 a5 30. Qd2 Qc5 31. Rf6 h5+ 32. Kh4 a4 33. Qd6 Qa7 34. Qd5 Qe7 35. Qd6 Qb7 36. Qd5 Qxd5 37. exd5 a3 38. Rf1 a2 39. Ra1 f6 40. Kg3 Kf7 41. Kf3 Ke7 42. Ke4 Kd6 43. g3 f5+ 44. Ke3 Kxd5 45. Ke2 g5 46. Ke3 e4 47. Ke2 f4 48. gxf4 gxf4 0-1

[Event "GER T107-A09-S email"]
[Site "GER email"]
[Date "2010.12.12"]
[Round "?"]
[White "Alf, Henning"]
[Black "Brunkow, Axel"]
[Result "1-0"]
[WhiteElo "2104"]
[BlackElo "1416"]
[PlyCount "91"]
[EventDate "2010.12.17"]
[EventType "tourn (corr)"]
[EventRounds "8"]
[EventCountry "GER"]
[SourceTitle "Corr 2015"]
[Source "ChessBase"]
[SourceDate "2015.07.17"]
[SourceVersion "1"]
[SourceVersionDate "2015.07.17"]
[SourceQuality "1"]
[WhiteTeam "Germany"]
[BlackTeam "Latvia"]
[WhiteTeamCountry "GER"]
[BlackTeamCountry "LAT"]

1. Nf3 d5 2. c4 c6 3. d4 Nf6 4. Nc3 dxc4 5. a4 Bf5 6. Ne5 e6 7. f3 Bb4 8. e4 Bxe4 9. fxe4 Nxe4 10. Bd2 Qxd4 11. Nxe4 Bxd2+ 12. Nxd2 Qxe5+ 13. Be2 b5 14. axb5 cxb5 15. Nf3 Qxb2 16. 0-0 0-0 17. Rb1 Qc3 18. Rxb5 Nc6 19. Qe1 Nd4 20. Nxd4 Qxd4+ 21. Qf2 Qxf2+ 22. Kxf2 Rfc8 23. Rc1 g6 24. Ra5 c3 25. Bf3 Rab8 26. Rxa7 Rc5 27. Ke3 f5 28. Rd7 Kh8 29. Bb7 Rb5 30. Ba6 Rb2 31. Rxc3 Rxg2 32. Rcc7 Rxh2 33. Bc8 Rb3+ 34. Kf4 e5+ 35. Kg5 h6+ 36. Kf6 Rb6+ 37. Kf7 h5 38. Ke8 Re6+ 39. Kd8 Rf6 40. Re7 Rf8+ 41. Kd7 Rb2 42. Ke6 Rb6+ 43. Kxe5 Rb5+ 44. Kf4 g5+ 45. Kxg5 Rg8+ 46. Kh6 1-0

[Event "GER T107-A09-S email"]
[Site "GER email"]
[Date "2010.12.12"]
[Round "?"]
[White "Brunkow, Axel"]
[Black "Stevens, Michael"]
[Result "1/2-1/2"]
[WhiteElo "1416"]
[BlackElo "1475"]
[PlyCount "42"]
[EventDate "2010.12.17"]
[EventType "tourn (corr)"]
[EventRounds "8"]
[EventCountry "GER"]
[SourceTitle "Corr 2015"]
[Source "ChessBase"]
[SourceDate "2015.07.17"]
[SourceVersion "1"]
[SourceVersionDate "2015.07.17"]
[SourceQuality "1"]
[WhiteTeam "Germany"]
[BlackTeam "Latvia"]
[WhiteTeamCountry "GER"]
[BlackTeamCountry "LAT"]

1. Nf3 d5 2. c4 e6 3. cxd5 exd5 4. g3 Nf6 5. d4 Nc6 6. Bg2 Be7 7. Nc3 0-0 8. 0-0 Ne4 9. Ne5 Nxe5 10. dxe5 Nxc3 11. bxc3 c6 12. Bf4 Bf5 13. Re1 Bc5 14. e4 dxe4 15. Bxe4 Bxe4 16. Rxe4 Re8 17. Qf3 Qd5 18. c4 Qe6 19. Rd1 Rad8 20. Rxd8 Rxd8 21. Be3 Bxe3 1/2-1/2

[Event "GER T87-A41-S email"]
[Site "GER email"]
[Date "2010.06.21"]
[Round "?"]
[White "Brunkow, Axel"]
[Black "Keber, Ernst"]
[Result "1/2-1/2"]
[WhiteElo "1416"]
[BlackElo "1791"]
[PlyCount "32"]
[EventDate "2010.06.28"]
[EventType "tourn (corr)"]
[EventRounds "8"]
[EventCountry "GER"]
[SourceTitle "Corr 2013"]
[Source "ChessBase"]
[SourceDate "2012.11.12"]
[SourceVersion "1"]
[SourceVersionDate "2012.11.12"]
[SourceQuality "1"]

1. d4 d6 2. Nf3 Bg4 3. Nc3 Nf6 4. e4 e6 5. h3 Bh5 6. Be2 d5 7. exd5 Nxd5 8. a3 Be7 9. Nxd5 Qxd5 10. 0-0 Qd6 11. Be3 Nc6 12. b4 Rd8 13. c3 0-0 14. b5 Na5 15. Qa4 b6 16. Rfe1 h6 1/2-1/2

[Event "GER T87-A41-S email"]
[Site "GER email"]
[Date "2010.06.21"]
[Round "?"]
[White "Garscha, Freimut E"]
[Black "Brunkow, Axel"]
[Result "1-0"]
[WhiteElo "2190"]
[BlackElo "1416"]
[PlyCount "69"]
[EventDate "2010.06.28"]
[EventType "tourn (corr)"]
[EventRounds "8"]
[EventCountry "GER"]
[SourceTitle "Corr 2013"]
[Source "ChessBase"]
[SourceDate "2012.11.12"]
[SourceVersion "1"]
[SourceVersionDate "2012.11.12"]
[SourceQuality "1"]

1. d4 d6 2. Nf3 Bg4 3. e4 Nf6 4. Nc3 Nc6 5. Be3 d5 6. e5 Ne4 7. Nxe4 dxe4 8. h3 Bf5 9. g4 Bg6 10. Nh4 e6 11. Nxg6 hxg6 12. c3 f5 13. Qb3 Qd7 14. Qxb7 Rb8 15. Qa6 Rxb2 16. Bb5 Rxb5 17. Qxb5 Be7 18. Rb1 a5 19. Qc4 Kf7 20. Kf1 Rh4 21. Kg2 fxg4 22. Qe2 gxh3+ 23. Rxh3 Rxh3 24. Kxh3 Bd8 25. Qc2 Ne7 26. Qxe4 Nf5 27. c4 g5 28. Rb8 a4 29. d5 Nxe3 30. fxe3 exd5+ 31. e6+ Qxe6+ 32. Qxe6+ Kxe6 33. Rxd8 dxc4 34. Rd4 c3 35. Rxa4 1-0

[Event "GER T86-C18-S email"]
[Site "GER email"]
[Date "2010.05.16"]
[Round "?"]
[White "Brunkow, Axel"]
[Black "Keber, Ernst"]
[Result "1/2-1/2"]
[WhiteElo "1416"]
[BlackElo "1791"]
[PlyCount "52"]
[EventDate "2010.05.27"]
[EventType "tourn (corr)"]
[EventRounds "8"]
[EventCountry "GER"]
[SourceTitle "Corr 2013"]
[Source "ChessBase"]
[SourceDate "2012.11.12"]
[SourceVersion "1"]
[SourceVersionDate "2012.11.12"]
[SourceQuality "1"]

1. e4 e6 2. d4 d5 3. Nc3 Bb4 4. e5 c5 5. a3 Bxc3+ 6. bxc3 Qa5 7. Bd2 Qa4 8. Qb1 c4 9. Nf3 Nc6 10. g3 Bd7 11. Bg2 0-0-0 12. 0-0 f6 13. exf6 gxf6 14. Re1 Nge7 15. Bf4 b6 16. Nh4 Ng6 17. Nxg6 hxg6 18. h4 Rdg8 19. Qc1 Nd8 20. Bd6 Rh7 21. Rb1 g5 22. hxg5 Rxg5 23. Qd2 Rf5 24. Rb4 Qa6 25. a4 Rfh5 26. Ra1 Nb7 1/2-1/2

[Event "GER T86-C18-S email"]
[Site "GER email"]
[Date "2010.05.16"]
[Round "?"]
[White "Brunkow, Axel"]
[Black "Ritter, Uwe"]
[Result "1/2-1/2"]
[WhiteElo "1416"]
[BlackElo "1776"]
[PlyCount "58"]
[EventDate "2010.05.27"]
[EventType "tourn (corr)"]
[EventRounds "8"]
[EventCountry "GER"]
[SourceTitle "Corr 2013"]
[Source "ChessBase"]
[SourceDate "2012.11.12"]
[SourceVersion "1"]
[SourceVersionDate "2012.11.12"]
[SourceQuality "1"]

1. e4 e6 2. d4 d5 3. Nc3 Bb4 4. e5 c5 5. a3 Bxc3+ 6. bxc3 Qa5 7. Bd2 Qa4 8. Nf3 Nc6 9. Qb1 c4 10. Be2 Nge7 11. Nh4 Nf5 12. Nxf5 exf5 13. 0-0 0-0 14. Bf3 Be6 15. Bf4 Rfe8 16. Re1 h6 17. h3 Qa5 18. Qb2 g5 19. Bh2 f4 20. a4 Re7 21. Qa3 Bf5 22. Ra2 Rd8 23. Rb1 Qc7 24. Rb5 Be6 25. a5 a6 26. Rc5 Kg7 27. g3 fxg3 28. Bxg3 Ree8 29. Qc1 Qe7 1/2-1/2

[Event "GER T86-C18-S email"]
[Site "GER email"]
[Date "2010.05.16"]
[Round "?"]
[White "Brunkow, Axel"]
[Black "Thomae, Eberhard"]
[Result "0-1"]
[WhiteElo "1416"]
[BlackElo "1839"]
[PlyCount "120"]
[EventDate "2010.05.27"]
[EventType "tourn (corr)"]
[EventRounds "8"]
[EventCountry "GER"]
[SourceTitle "Corr 2013"]
[Source "ChessBase"]
[SourceDate "2012.11.12"]
[SourceVersion "1"]
[SourceVersionDate "2012.11.12"]
[SourceQuality "1"]

1. e4 e6 2. d4 d5 3. Nc3 Bb4 4. e5 c5 5. a3 Bxc3+ 6. bxc3 Qa5 7. Bd2 Qa4 8. Nf3 Ne7 9. Be2 b6 10. 0-0 Ba6 11. Bxa6 Qxa6 12. dxc5 bxc5 13. Be3 Nd7 14. Qd3 c4 15. Qd4 0-0 16. Ng5 Nf5 17. Qf4 Rab8 18. Ra2 Nxe3 19. Qxe3 Qb6 20. Qe1 Nc5 21. a4 Qa5 22. Qe3 Rb7 23. Nf3 Ne4 24. Ra3 Qc7 25. Raa1 h6 26. a5 Rb2 27. Rfc1 f6 28. exf6 Rxf6 29. h3 a6 30. Nd2 Nc5 31. Nf3 Rf4 32. Nd4 e5 33. Nf3 Re4 34. Qd2 Nd3 35. Rcb1 Rxb1+ 36. Rxb1 Nf4 37. Re1 Rxe1+ 38. Qxe1 e4 39. Nd4 Qxa5 40. Qe3 Qc7 41. f3 exf3 42. Nxf3 Qf7 43. Kh1 Qf5 44. Nd4 Qe4 45. Qxe4 dxe4 46. Kg1 a5 47. Kf1 a4 48. Nb5 Nd5 49. Ke2 Kf7 50. Nd6+ Ke6 51. Nb5 Kd7 52. Na3 Kc6 53. Nb1 Nc7 54. Ke3 Nb5 55. Kxe4 a3 56. Nxa3 Nxa3 57. g4 Nxc2 58. h4 Na3 59. Ke3 Kd5 60. Kf4 Nb5 0-1

[Event "GER T86-C18-S email"]
[Site "GER email"]
[Date "2010.05.16"]
[Round "?"]
[White "Ritter, Uwe"]
[Black "Brunkow, Axel"]
[Result "1/2-1/2"]
[WhiteElo "1776"]
[BlackElo "1416"]
[PlyCount "72"]
[EventDate "2010.05.27"]
[EventType "tourn (corr)"]
[EventRounds "8"]
[EventCountry "GER"]
[SourceTitle "Corr 2013"]
[Source "ChessBase"]
[SourceDate "2012.11.12"]
[SourceVersion "1"]
[SourceVersionDate "2012.11.12"]
[SourceQuality "1"]

1. e4 e6 2. d4 d5 3. Nc3 Bb4 4. e5 c5 5. a3 Bxc3+ 6. bxc3 Qa5 7. Bd2 Qa4 8. Qb1 c4 9. Nh3 Nc6 10. g3 b6 11. Nf4 Nge7 12. Nh5 0-0 13. Bg2 Bb7 14. 0-0 Nf5 15. Qd1 Nce7 16. Ra2 Rac8 17. Qg4 Ng6 18. h4 Kh8 19. Nxg7 Nxg7 20. h5 Ne7 21. Bg5 Nef5 22. h6 Ne8 23. Qf4 Qd7 24. g4 f6 25. exf6 Nxf6 26. gxf5 exf5 27. Raa1 Qf7 28. Qxf5 Ne4 29. Qe5+ Kg8 30. Bxe4 dxe4 31. Be3 Qf6 32. Qg3+ Kf7 33. Bg5 Qg6 34. Rae1 Kg8 35. f3 exf3 36. Re7 Rf7 1/2-1/2

[Event "GER theme T27-D70-E email"]
[Site "GER email"]
[Date "2008.12.12"]
[Round "?"]
[White "Bachmann, Bernd"]
[Black "Brunkow, Axel"]
[Result "1-0"]
[WhiteElo "2075"]
[BlackElo "1640"]
[PlyCount "101"]
[EventDate "2008.??.??"]
[EventType "tourn (corr)"]
[EventRounds "8"]
[EventCountry "GER"]
[SourceTitle "Corr 2011"]
[Source "ChessBase"]
[SourceDate "2010.08.31"]
[SourceVersion "1"]
[SourceVersionDate "2010.08.31"]
[SourceQuality "1"]

1. d4 Nf6 2. c4 g6 3. g3 d5 4. Bg2 c6 5. b3 Bg7 6. Bb2 0-0 7. Nf3 Be6 8. 0-0 dxc4 9. Ng5 Bf5 10. bxc4 h6 11. Nf3 Nbd7 12. Nbd2 Qb6 13. Qc1 Rac8 14. Nh4 Be6 15. Qc2 Rfd8 16. a4 Qc7 17. Ra3 b5 18. axb5 cxb5 19. Rfa1 Bxc4 20. Rxa7 Qd6 21. Nxc4 bxc4 22. R7a6 Qb4 23. Bc3 Qb3 24. Qc1 Qb5 25. R6a5 Qb6 26. e3 e6 27. Rb1 Qd6 28. Bb4 Qb6 29. Raa1 e5 30. Be7 Qe6 31. Bxd8 Rxd8 32. Nf3 Ne8 33. Bf1 Rc8 34. Ra7 Nd6 35. d5 Qg4 36. Be2 Nf6 37. Nd4 Qh3 38. Nc6 Nxd5 39. Qd1 Nc3 40. Ne7+ Kh7 41. Nxc8 Nxd1 42. Nxd6 Nxf2 43. Rxf7 Ng4 44. Bxg4 Qxg4 45. Ne8 Qg5 46. Rxg7+ Kh8 47. Rf1 Qxe3+ 48. Kg2 Qc5 49. Rc7 Qd5+ 50. Rf3 h5 51. Nf6 1-0

[Event "GER theme 17-E00-E email"]
[Site "GER email"]
[Date "2008.03.31"]
[Round "?"]
[White "Brunkow, Axel"]
[Black "Bachmann, Bernd"]
[Result "0-1"]
[WhiteElo "1640"]
[BlackElo "2075"]
[PlyCount "52"]
[EventDate "2008.??.??"]
[EventType "tourn (corr)"]
[EventRounds "8"]
[EventCountry "GER"]
[SourceTitle "Corr 2011"]
[Source "ChessBase"]
[SourceDate "2010.08.31"]
[SourceVersion "1"]
[SourceVersionDate "2010.08.31"]
[SourceQuality "1"]

1. d4 Nf6 2. c4 e6 3. g3 d5 4. Nf3 Bb4+ 5. Bd2 c5 6. a3 Bxd2+ 7. Nbxd2 cxd4 8. cxd5 Qxd5 9. Bg2 e5 10. 0-0 0-0 11. Rc1 e4 12. Ne1 Nc6 13. Nd3 Bf5 14. Nb4 Nxb4 15. axb4 Rfc8 16. h3 h5 17. e3 Rxc1 18. Qxc1 Rc8 19. Qd1 dxe3 20. fxe3 Be6 21. Rf2 Qd6 22. b5 Bxh3 23. Bxh3 Qxg3+ 24. Bg2 Ng4 25. Nf1 Qxf2+ 26. Kh1 Rc2 0-1